Quiz o polskich miejscowościach (lubelskie) - Statystyki

Ogólne statystyki
  • Ten quiz został rozwiązany 270 razy
  • Średni wynik to 3 z 18
Statystyki odpowiedzi
Pytanie Dane Odpowiedź % Poprawnych
Największe miasto (pop.) 339 682 Lublin
99%
Najgęściej zaludnione miasto 2303 os./km2 Lublin
48%
Ilość miast poniżej 1 tys. mieszkańców 1
36%
Największy powiat (pow.) 2754 km2 bialski
33%
Miasto wysunięte najbardziej na wschód 17 903 Hrubieszów
31%
Najmniejszy powiat (pow.) 30.34 km2 Zamość
19%
Miasto w środku województwa 18 812 Łęczna
16%
Najmniejsze miasto (pop.) 923 Józefów nad Wisłą
15%
Miasto wysunięte najbardziej na zachód 2606 Annopol
13%
Największe miasto przy granicy województwa (pop.) 16 398 Dęblin
11%
Najstarsze miasto XIV wiek Kazimierz Dolny
8%
Miasto wysunięte najbardziej na północ 5594 Terespol
8%
Miasto wysunięte najbardziej na południe 2469 Lubycza Królewska
5%
Największa wieś (pop.) 4052 Niedrzwica Duża
4%
Największa gmina miejsko-wiejska (pop.) 25 104 Łęczna
1%
Największa gmina miejsko-wiejska (pow.) 193.81 km2 Opole Lubelskie
1%
Najmniejsza gmina miejska (pop.) 2 536 Stoczek Łukowski
0%
Najmniejsza wieś gminna (pop.) 195 Wilków
0%
Nie znaleziono quizów pasujących do podanych kryteriów
Rozkład punktacji
Procent ludzi z każdym wynikiem
Percentyl według liczby udzielonych odpowiedzi
Twoja historia wyników
Nie rozwiązałeś tego quizu